Chronicle

Elmentve itt :
Bibliográfiai részletek
Dokumentumtípus: Cikk
Megjelent: 1996
Sorozat:Acta biologica 41 No. 1-4
Kulcsszavak:Természettudomány
Online Access:http://acta.bibl.u-szeged.hu/22246
LEADER 00515nab a2200169 i 4500
001 acta22246
005 20220728143126.0
008 161015s1996 hu o 0|| eng d
022 |a 0563-0592 
040 |a SZTE Egyetemi Kiadványok Repozitórium  |b hun 
041 |a eng 
245 0 0 |a Chronicle  |h [elektronikus dokumentum] 
260 |c 1996 
300 |a 123-125 
490 0 |a Acta biologica  |v 41 No. 1-4 
695 |a Természettudomány 
856 4 0 |u http://acta.bibl.u-szeged.hu/22246/1/biologica_041_123-125.pdf  |z Dokumentum-elérés